000 00542 a2200169 4500
008 230307b ||||| |||| 00| 0 eng d
020 _a9782090312867
050 _aPC2117
_b.P66 2020
100 _aPonty, Monique
245 _aLe coeur entre les dents
_cby Monique Ponty
260 _bCLE International;
_cc2020
_a[Paris] :
300 _a48 p. :
_bcol. ill;
_c21 cm
440 _a(Collection dâecouverte. Lectures en franðcais facile. niveau 4)
650 _2French language
_xReaders.
650 _2French language.
942 _cBK
_2lcc
999 _c57998
_d57998